|
|
|
|
| LEADER |
01245nam a2200349 a 4500 |
| 001 |
000041768 |
| 003 |
305 |
| 005 |
20190731092353.0 |
| 008 |
171030s2000 |
| 020 |
# |
# |
|a 0139194320 (pbk.)
|
| 040 |
# |
# |
|a lnn
|c lnn
|d lnn
|
| 041 |
# |
# |
|a eng
|
| 082 |
0 |
4 |
|a 371.39/6
|b LE-R
|2 21
|
| 100 |
1 |
# |
|a Lebauer, R. Susan.
|
| 245 |
1 |
0 |
|a Learn to listen, listen to learn :
|b academic listening and note-taking : [student book] /
|c Roni S. Lebauer.
|
| 250 |
# |
# |
|a 2nd ed.
|
| 260 |
# |
# |
|a White Plains, N.Y. ;
|a [Great Britain] :
|b Longman ,
|c 2000.
|
| 300 |
# |
# |
|a xiv,225 p. :
|b ill. ;
|c 28 cm.
|
| 500 |
# |
# |
|a Previous ed.: 1991.
|
| 650 |
0 |
4 |
|a Lecture method in teaching.
|
| 650 |
0 |
4 |
|a Listening
|
| 650 |
0 |
4 |
|a Note-taking.
|
| 650 |
0 |
4 |
|a English language
|x Study and teaching
|z United States
|x Foreign speakers
|
| OWN |
|
|
|a LNN
|
| AVA |
|
|
|a UDN50
|b LNN
|c English
|d 428.3 LE-R
|e available
|t Error 5001 Not defined in file expand_doc_bib_avail.
|f 2
|g 0
|h N
|i 0
|j AN
|k 1
|
| 999 |
|
|
|a From the UDN01
|
| AVA |
|
|
|a UDN50
|b LNN
|c English
|d 428.3 LE-R
|e available
|t Error 5001 Not defined in file expand_doc_bib_avail.
|f 2
|g 0
|h N
|i 0
|j AN
|k 1
|
| TYP |
|
|
|a Monograph
|
| TYP |
|
|
|a Printed language
|
| 980 |
|
|
|a Mạng thư viện Đại học Đà Nẵng
|